000 00618nam a2200181 i 4500
001 88151
003 ES-MaACL
005 20250823063046.0
007 t|
008 050103s1960 it ||||1| fre d
100 1 _aLafuente Ferrari, Enrique,
_d1898-1985
_969538
245 1 0 _aVelasquez
_b: [etude biographique et critique] /
_cpar Enrique Lafuente Ferrari ; traduit de l'espagnol par Jacques Lassaigne.
260 _aGenève :
_bAlbert Skira,
_c[1960]
300 _a128 p., 54 lám. ;
_c18 cm.
700 1 _aLassaigne, Jacques.
_970457
852 _aES-MaACL
_jC-19479
_bR.46725
999 _c88151
_d88151